|
|
|
|
| LEADER |
01558nam a2200325 a 4500 |
| 001 |
31437 |
| 003 |
BD-DhAAL |
| 005 |
20211220122656.0 |
| 008 |
161113s2011 mau b 001 0 eng |
| 999 |
|
|
|c 37886
|d 37886
|
| 010 |
|
|
|a 2010033807
|
| 020 |
|
|
|a 9780674046719 (alk. paper)
|
| 020 |
|
|
|a 9780674072251
|
| 040 |
|
|
|a DLC
|c DLC
|d DLC
|d BD-DhAAL
|
| 050 |
0 |
0 |
|a BD435
|b .D85 2011
|
| 082 |
0 |
0 |
|a 170.44
|2 22
|
| 100 |
1 |
|
|a Dworkin, Ronald.
|9 20724
|
| 245 |
1 |
0 |
|a Justice for hedgehogs /
|c Ronald Dworkin.
|
| 260 |
|
|
|a Cambridge, Mass. :
|b Belknap Press of Harvard University Press,
|c 2011.
|
| 300 |
|
|
|a xi, 506 pages ;
|c 24 cm.
|
| 504 |
|
|
|a Includes bibliographical references (p. [425]-487) and index.
|
| 505 |
0 |
|
|a Baedeker -- Independence. Truth in morals -- External skepticism -- Morals and causes -- Internal skepticism -- Interpretation. Moral responsibility -- Interpretation in general -- Conceptual interpretation -- Ethics. Dignity -- Free will and responsibility -- Morality. From dignity to morality -- Aid -- Harm -- Obligations -- Politics. Political rights and concepts -- Equality -- Liberty -- Democracy -- Law -- Epilogue. Dignity indivisible.
|
| 526 |
|
|
|a SOL
|
| 541 |
|
|
|e 31437
|
| 650 |
|
0 |
|a Values.
|9 20725
|
| 650 |
|
0 |
|a Ethics.
|9 20726
|
| 650 |
|
0 |
|a Law.
|9 43145
|
| 852 |
|
|
|a Ayesha Abed Library
|c General Stacks
|
| 942 |
|
|
|2 ddc
|c BK
|
| 952 |
|
|
|0 0
|1 0
|2 ddc
|4 0
|6 170_440000000000000_DWO
|7 0
|9 59761
|a BRACUL
|b BRACUL
|c GEN
|d 2016-10-06
|e Karim International
|g 2300.00
|l 1
|m 4
|o 170.44 DWO
|p 3010031437
|r 2018-04-12
|s 2016-12-14
|t 1
|v 2300.00
|w 2016-10-06
|y BK
|